Ojeada sobre la geología del Reino de Valencia / (Record no. 189573)
[ view plain ]
| 000 -LEADER | |
|---|---|
| campo de control de longitud fija | 00854nam a2200181 i 4500 |
| 001 - NÚMERO DE CONTROL | |
| campo de control | 189573 |
| 003 - IDENTIFICADOR DE NÚMERO DE CONTROL | |
| campo de control | ES-MaACL |
| 005 - FECHA Y HORA DE LA ÚLTIMA TRANSACCIÓN | |
| campo de control | 20231224062936.0 |
| 008 - DATOS DE LONGITUD FIJA--INFORMACIÓN GENERAL | |
| campo de control de longitud fija | 190620s1854 sp bf |||| | spa d |
| 100 1# - ENTRADA PRINCIPAL--NOMBRE DE PERSONA | |
| Nombre de persona | Botella y de Hornos, Federico de, |
| Fechas asociadas al nombre | 1822-1899 |
| 9 (RLIN) | 30760 |
| 245 10 - MENCIÓN DEL TÍTULO | |
| Título | Ojeada sobre la geología del Reino de Valencia / |
| Mención de responsabilidad, etc. | por Federico de Botella ; 1854, publicada de Real Orden. |
| 260 ## - PUBLICACIÓN, DISTRIBUCIÓN, ETC. | |
| Lugar de publicación, distribución, etc. | Madrid : |
| Nombre del editor, distribuidor, etc. | Imp. de la Viuda de Don Antonio Yenes, |
| Fecha de publicación, distribución, etc. | 1854. |
| 300 ## - DESCRIPCIÓN FÍSICA | |
| Extensión | 15 p., [2] h. de lám. pleg. ; |
| Dimensiones | 28 cm. |
| 599 ## - NOTA A LAS ILUSTRACIONES | |
| NOTA A LAS ILUSTRACIONES | 1 lám. es 1 mapa geológico a col. |
| 650 #4 - PUNTO DE ACCESO ADICIONAL DE MATERIA--TÉRMINO DE MATERIA | |
| Término de materia o nombre geográfico como elemento de entrada | Geología- |
| Subdivisión geográfica | Valencia (Comunidad Autónoma) |
| 9 (RLIN) | 167378 |
| 852 ## - LOCALIZACIÓN | |
| Ubicación | ES-MaACL |
| Número de control de estantería | L-32448(5) |
| Nota libre | - Enc. cart. |
| -- | . - Legado Federico de Botella y de Hornos |
| -- | - Enc. en un vol. facticio, con tít. en el lomo de: España, geología: memorias varias, 1 |
| Estatus retirado | Estado de pérdida | Estado de daño | No para préstamo | Colección | Biblioteca de origen | Biblioteca actual | Ubicación en estantería | Fecha de adquisición | Fuente de adquisición | Total de préstamos | Signatura topográfica completa | Código de barras | Visto por última vez | Precio de reemplazo | Tipo de ítem Koha |
|---|---|---|---|---|---|---|---|---|---|---|---|---|---|---|---|
| Libros del s. XIX | Biblioteca del Ateneo de Madrid | Biblioteca del Ateneo de Madrid | Depósito 2 | 20/06/2019 | L-32448(5) | 1200883 | 23/02/2023 | 23/02/2023 | Libro impreso antiguo |
